| 000 | 01022nam a2200289 a 4500 | ||
|---|---|---|---|
| 001 | 24884 | ||
| 003 | CO-ViMGA | ||
| 008 | 141112s2004 ck r 000 u spa d | ||
| 015 | _aNNN | ||
| 020 | _a9788471126290 | ||
| 040 |
_aCO-ViMGA _bspa _cCO-ViMGA |
||
| 041 |
_aspa _beng |
||
| 082 | 0 | 4 | _a371.26 S76t |
| 100 | 1 |
_aStobart, Gordon _937213 |
|
| 245 | 1 | 0 |
_aTiempos de pruebas los usos y abusos de la evaluación / _cGordon Stobart ; traducido por Pablo Manzano Bernárdez |
| 260 |
_aMadrid, _cEspaña Ediciones Morata Ministerio de Educación c2010. |
||
| 300 | _a237 p. ilustraciones y tablas 24 cm. | ||
| 504 | _aIncluye referencias bibliográficas (p. ([217] - 229) e índice. | ||
| 541 | _142.200; 1 c. | ||
| 596 | _a2 | ||
| 650 | 1 | 4 | _aEducación |
| 650 | 1 | 4 | _aMediciones y pruebas educativas |
| 650 | 1 | 4 | _aPedagogía |
| 926 | _aB - GENERAL COLEC - GRAL 371.26 S76 LIBRO 1 | ||
| 942 |
_2ddc _cBK |
||
| 999 |
_c32682 _d32682 |
||